Catalog

Record Details

Catalog Search



Husitská revoluce / Díl 2. Kořeny České reformace Cover Image Book Book

Husitská revoluce / František Šmahel Díl 2. Kořeny České reformace

Record details

  • ISBN: 80-7184-074-2
  • Physical Description: 364 s.
  • Edition: 2. vyd.
  • Publisher: Praha Karolinum 1996

Available copies

  • 1 of 1 copy available at Common Catalog SPOK.

Holds

  • 0 current holds with 1 total copy.
Show Only Available Copies
Location Call Number / Copy Notes Barcode Shelving Location Status Due Date
ETS Library 943.70224 424470006080 Volný výběr Available -

LDR 00676nam a2 00241
00144518
003CZ-PrJAB
00520031203000000.0
008031203s1996 xr e |||| |cze
009cz
020 . ‡a80-7184-074-2
035 . ‡a(CONS)3856
035 . ‡aKPS5819
041 . ‡acze
08214. ‡a943.70224
100 . ‡72386 ‡aŠmahel, František
245 . ‡aHusitská revoluce / ‡cFrantišek Šmahel ‡nDíl 2. ‡pKořeny České reformace
250 . ‡a2. vyd.
260 . ‡aPraha ‡bKarolinum ‡c1996
300 . ‡a364 s.
653 . ‡aHusitská revoluce ‡aKořeny České reformace
8524 . ‡bETS ‡bETS ‡cVolný výběr ‡j943.70224 ‡gA ‡p424470006080
910 . ‡aABG450
999 . ‡a3856 ‡bAUTOGEN ‡c3856 ‡tbiblio
905 . ‡uadmin
901 . ‡a44518 ‡b ‡c44518 ‡tbiblio ‡sets

Additional Resources